TOP 20 Most Peaceful Countries - Statistics

General Stats
  • This quiz has been taken 177 times
  • The average score is 15 of 20
Answer Stats
Score Country % Correct
1.500 Norway
97%
1.461 Sweden
96%
1.429 Finland
94%
1.246 Denmark
91%
1.192 Iceland
90%
1.370 Switzerland
90%
1.388 Canada
89%
1.287 New Zealand
88%
1.465 Australia
86%
1.433 Ireland
81%
1.278 Austria
80%
1.395 Japan
77%
1.486 Germany
72%
1.528 Belgium
66%
1.356 Portugal
64%
1.360 Czech Republic
61%
1.535 Singapore
57%
1.408 Slovenia
51%
1.534 Hungary
45%
1.445 Bhutan
26%
No matching quizzes found
Score Distribution
Percent of People with Each Score
Percentile by Number Answered
Your Score History
You have not taken this quiz